| 000 | 00837nam a22001817a 4500 | ||
|---|---|---|---|
| 999 |
_c216500 _d216500 |
||
| 005 | 20260327102551.0 | ||
| 008 | 260327b ||||| |||| 00| 0 eng d | ||
| 040 |
_aLC _cUNZA _dUNZA _eRDA |
||
| 099 | _aGOV.ZAM (02) 2025 | ||
| 110 | _aNational Assembly of Zambia | ||
| 245 |
_aProgramme on the occasion of Parliament Day, National Assembly of Zambia, parliament buildings, Lusaka: _btaking parliament closer to the people, strengthening democratic governance through public engagements / _cNational Assembly of Zambia |
||
| 260 |
_aLusaka : _bNational Assembly of Zambia, _c23, May, 2025. |
||
| 300 |
_a32 pages : _billustraions. |
||
| 650 |
_aNational Assembly _xPolitical science _xPolitical sociology _x Citizenship _zZambia. |
||
| 650 |
_aLegislative bodies _zZambia. |
||
| 650 |
_aPolitics and government _zZambia. |
||
| 942 | _cGOV-PUBS | ||